Teste rápido de matemática - Teste curto de matemática - Quiz 22 - Statistics

Estatísticas Gerais
  • Esse quiz foi jogado 11 vezes
  • A pontuação média é 10 de 15
Estatísticas das Respostas
X 7 Resposta % Correto
7 49
89%
11 77
89%
34 238
78%
41 287
78%
25 175
67%
39 273
67%
49 343
67%
54 378
67%
69 483
67%
17 119
56%
26 182
56%
37 259
56%
63 441
56%
67 469
56%
73 511
56%
Nenhum quiz correspondente encontrado
Distribuição das Pontuações
Porcentagem de Pessoas com Cada Pontuação
Percentil de Números Respondidos
Sua Pontuação Histórica
Você não jogou esse quiz